<?xml version="1.0" encoding="UTF-8"?>
<record
    xmlns:xsi="http://www.w3.org/2001/XMLSchema-instance"
    xsi:schemaLocation="http://www.loc.gov/MARC21/slim http://www.loc.gov/standards/marcxml/schema/MARC21slim.xsd"
    xmlns="http://www.loc.gov/MARC21/slim">

  <leader>02891    a2200241   4500</leader>
  <controlfield tag="003">NALT</controlfield>
  <controlfield tag="005">20260216140724.0</controlfield>
  <controlfield tag="008">200526b        th ||||| |||| 00| 0 tha d</controlfield>
  <datafield tag="020" ind1=" " ind2=" ">
    <subfield code="a">9786162698194</subfield>
  </datafield>
  <datafield tag="040" ind1=" " ind2=" ">
    <subfield code="a">NALT</subfield>
  </datafield>
  <datafield tag="090" ind1=" " ind2=" ">
    <subfield code="a">KS 53.1</subfield>
    <subfield code="b">&#xE2D;623&#xE01; 2562</subfield>
  </datafield>
  <datafield tag="100" ind1="0" ind2=" ">
    <subfield code="a">&#xE2D;&#xE32;&#xE19;&#xE19;&#xE17;&#xE4C; &#xE21;&#xE32;&#xE40;&#xE21;&#xE49;&#xE32;</subfield>
    <subfield code="9">33740</subfield>
  </datafield>
  <datafield tag="245" ind1="1" ind2="0">
    <subfield code="a">&#xE01;&#xE0E;&#xE2B;&#xE21;&#xE32;&#xE22;&#xE17;&#xE23;&#xE31;&#xE1E;&#xE22;&#xE4C;&#xE2A;&#xE34;&#xE19; : </subfield>
    <subfield code="b">&#xE04;&#xE27;&#xE32;&#xE21;&#xE23;&#xE39;&#xE49;&#xE1E;&#xE37;&#xE49;&#xE19;&#xE10;&#xE32;&#xE19;&#xE17;&#xE32;&#xE07;&#xE04;&#xE27;&#xE32;&#xE21;&#xE04;&#xE34;&#xE14; &#xE2B;&#xE25;&#xE31;&#xE01;&#xE17;&#xE31;&#xE48;&#xE27;&#xE44;&#xE1B; &#xE41;&#xE25;&#xE30;&#xE1A;&#xE17;&#xE40;&#xE1A;&#xE47;&#xE14;&#xE40;&#xE2A;&#xE23;&#xE47;&#xE08;&#xE17;&#xE31;&#xE48;&#xE27;&#xE44;&#xE1B; /</subfield>
    <subfield code="c">&#xE2D;&#xE32;&#xE19;&#xE19;&#xE17;&#xE4C; &#xE21;&#xE32;&#xE40;&#xE21;&#xE49;&#xE32;.</subfield>
  </datafield>
  <datafield tag="250" ind1=" " ind2=" ">
    <subfield code="a">&#xE1E;&#xE34;&#xE21;&#xE1E;&#xE4C;&#xE04;&#xE23;&#xE31;&#xE49;&#xE07;&#xE17;&#xE35;&#xE48; 3 (&#xE41;&#xE01;&#xE49;&#xE44;&#xE02;&#xE1B;&#xE23;&#xE31;&#xE1A;&#xE1B;&#xE23;&#xE38;&#xE07;).</subfield>
  </datafield>
  <datafield tag="260" ind1=" " ind2=" ">
    <subfield code="a">&#xE01;&#xE23;&#xE38;&#xE07;&#xE40;&#xE17;&#xE1E;&#xE2F; :</subfield>
    <subfield code="b">&#xE27;&#xE34;&#xE0D;&#xE0D;&#xE39;&#xE0A;&#xE19;,</subfield>
    <subfield code="c">2562.</subfield>
  </datafield>
  <datafield tag="300" ind1=" " ind2=" ">
    <subfield code="a">372 &#xE2B;&#xE19;&#xE49;&#xE32; :</subfield>
    <subfield code="b">&#xE15;&#xE32;&#xE23;&#xE32;&#xE07;, &#xE41;&#xE1C;&#xE19;&#xE20;&#xE32;&#xE1E; ;</subfield>
    <subfield code="c">26 &#xE0B;&#xE21;.</subfield>
  </datafield>
  <datafield tag="505" ind1="1" ind2=" ">
    <subfield code="a">&#xE20;&#xE32;&#xE04; 1 &#xE04;&#xE27;&#xE32;&#xE21;&#xE23;&#xE39;&#xE49;&#xE1E;&#xE37;&#xE49;&#xE19;&#xE10;&#xE32;&#xE19;&#xE17;&#xE32;&#xE07;&#xE04;&#xE27;&#xE32;&#xE21;&#xE04;&#xE34;&#xE14; -- &#xE1A;&#xE17;&#xE17;&#xE35;&#xE48; 1 &#xE41;&#xE19;&#xE27;&#xE04;&#xE34;&#xE14;&#xE27;&#xE48;&#xE32;&#xE14;&#xE49;&#xE27;&#xE22;&#xE01;&#xE0E;&#xE2B;&#xE21;&#xE32;&#xE22;&#xE17;&#xE23;&#xE31;&#xE1E;&#xE22;&#xE4C;&#xE2A;&#xE34;&#xE19; -- &#xE1A;&#xE17;&#xE17;&#xE35;&#xE48; 2 &#xE04;&#xE27;&#xE32;&#xE21;&#xE40;&#xE1B;&#xE47;&#xE19;&#xE21;&#xE32;&#xE02;&#xE2D;&#xE07;&#xE01;&#xE0E;&#xE2B;&#xE21;&#xE32;&#xE22;&#xE17;&#xE23;&#xE31;&#xE1E;&#xE22;&#xE4C;&#xE2A;&#xE34;&#xE19; -- &#xE1A;&#xE17;&#xE17;&#xE35;&#xE48; 3 &#xE17;&#xE23;&#xE31;&#xE1E;&#xE22;&#xE2A;&#xE34;&#xE17;&#xE18;&#xE34; &#x2013; &#xE20;&#xE32;&#xE04; 2 &#xE2B;&#xE25;&#xE31;&#xE01;&#xE17;&#xE31;&#xE48;&#xE27;&#xE44;&#xE1B; -- &#xE1A;&#xE17;&#xE17;&#xE35;&#xE48; 4 &#xE04;&#xE27;&#xE32;&#xE21;&#xE2B;&#xE21;&#xE32;&#xE22;&#xE02;&#xE2D;&#xE07;&#xE17;&#xE23;&#xE31;&#xE1E;&#xE22;&#xE4C;&#xE41;&#xE25;&#xE30;&#xE17;&#xE23;&#xE31;&#xE1E;&#xE22;&#xE4C;&#xE2A;&#xE34;&#xE19; -- &#xE1A;&#xE17;&#xE17;&#xE35;&#xE48; 5 &#xE01;&#xE32;&#xE23;&#xE08;&#xE33;&#xE41;&#xE19;&#xE01;&#xE17;&#xE23;&#xE31;&#xE1E;&#xE22;&#xE4C;&#xE2A;&#xE34;&#xE19; -- &#xE1A;&#xE17;&#xE17;&#xE35;&#xE48; 6 &#xE2A;&#xE48;&#xE27;&#xE19;&#xE04;&#xE27;&#xE1A; &#xE2D;&#xE38;&#xE1B;&#xE01;&#xE23;&#xE13;&#xE4C; &#xE41;&#xE25;&#xE30;&#xE14;&#xE2D;&#xE01;&#xE1C;&#xE25; -- &#xE20;&#xE32;&#xE04; 3 &#xE1A;&#xE17;&#xE40;&#xE1A;&#xE47;&#xE14;&#xE40;&#xE2A;&#xE23;&#xE47;&#xE08;&#xE17;&#xE31;&#xE48;&#xE27;&#xE44;&#xE1B; -- &#xE1A;&#xE17;&#xE17;&#xE35;&#xE48; 7 &#xE01;&#xE32;&#xE23;&#xE01;&#xE48;&#xE2D;&#xE15;&#xE31;&#xE49;&#xE07;&#xE17;&#xE23;&#xE31;&#xE1E;&#xE22;&#xE2A;&#xE34;&#xE17;&#xE18;&#xE34; -- &#xE1A;&#xE17;&#xE17;&#xE35;&#xE48; 8 &#xE01;&#xE32;&#xE23;&#xE44;&#xE14;&#xE49;&#xE21;&#xE32;&#xE0B;&#xE36;&#xE48;&#xE07;&#xE17;&#xE23;&#xE31;&#xE1E;&#xE22;&#xE2A;&#xE34;&#xE17;&#xE18;&#xE34;&#xE42;&#xE14;&#xE22;&#xE17;&#xE32;&#xE07;&#xE19;&#xE34;&#xE15;&#xE34;&#xE01;&#xE23;&#xE23;&#xE21; -- &#xE1A;&#xE17;&#xE17;&#xE35;&#xE48; 9 &#xE01;&#xE32;&#xE23;&#xE44;&#xE14;&#xE49;&#xE21;&#xE32;&#xE0B;&#xE36;&#xE48;&#xE07;&#xE17;&#xE23;&#xE31;&#xE1E;&#xE22;&#xE2A;&#xE34;&#xE17;&#xE18;&#xE34;&#xE42;&#xE14;&#xE22;&#xE17;&#xE32;&#xE07;&#xE2D;&#xE37;&#xE48;&#xE19;&#xE19;&#xE2D;&#xE01;&#xE08;&#xE32;&#xE01;&#xE19;&#xE34;&#xE15;&#xE34;&#xE01;&#xE23;&#xE23;&#xE21; -- &#xE1A;&#xE17;&#xE17;&#xE35;&#xE48; 10 &#xE01;&#xE32;&#xE23;&#xE40;&#xE1E;&#xE34;&#xE01;&#xE16;&#xE2D;&#xE19;&#xE17;&#xE30;&#xE40;&#xE1A;&#xE35;&#xE22;&#xE19; -- &#xE1A;&#xE17;&#xE17;&#xE35;&#xE48; 11 &#xE1A;&#xE17;&#xE2D;&#xE19;&#xE38;&#xE42;&#xE25;&#xE21;&#xE16;&#xE36;&#xE07;&#xE01;&#xE32;&#xE23;&#xE40;&#xE1B;&#xE25;&#xE35;&#xE48;&#xE22;&#xE19;&#xE41;&#xE1B;&#xE25;&#xE07; &#xE01;&#xE32;&#xE23;&#xE23;&#xE30;&#xE07;&#xE31;&#xE1A; &#xE41;&#xE25;&#xE30;&#xE01;&#xE32;&#xE23;&#xE01;&#xE25;&#xE31;&#xE1A;&#xE04;&#xE37;&#xE19;&#xE21;&#xE32; -- &#xE1A;&#xE17;&#xE17;&#xE35;&#xE48; 12 &#xE1A;&#xE17;&#xE2D;&#xE19;&#xE38;&#xE42;&#xE25;&#xE21;&#xE41;&#xE01;&#xE48;&#xE2A;&#xE31;&#xE07;&#xE2B;&#xE32;&#xE23;&#xE34;&#xE21;&#xE17;&#xE23;&#xE31;&#xE1E;&#xE22;&#xE4C;&#xE1A;&#xE32;&#xE07;&#xE0A;&#xE19;&#xE34;&#xE14; -- &#xE1A;&#xE17;&#xE17;&#xE35;&#xE48; 13 &#xE01;&#xE23;&#xE13;&#xE35;&#xE1A;&#xE38;&#xE04;&#xE04;&#xE25;&#xE2B;&#xE25;&#xE32;&#xE22;&#xE23;&#xE32;&#xE22;&#xE40;&#xE23;&#xE35;&#xE22;&#xE01;&#xE40;&#xE2D;&#xE32;&#xE2D;&#xE2A;&#xE31;&#xE07;&#xE2B;&#xE32;&#xE23;&#xE34;&#xE21;&#xE17;&#xE23;&#xE31;&#xE1E;&#xE22;&#xE4C;&#xE40;&#xE14;&#xE35;&#xE22;&#xE27;&#xE01;&#xE31;&#xE19; -- &#xE1A;&#xE17;&#xE17;&#xE35;&#xE48; 14 &#xE17;&#xE23;&#xE31;&#xE1E;&#xE22;&#xE4C;&#xE2A;&#xE34;&#xE19;&#xE02;&#xE2D;&#xE07;&#xE41;&#xE1C;&#xE48;&#xE19;&#xE14;&#xE34;&#xE19; -- &#xE20;&#xE32;&#xE04;&#xE2A;&#xE23;&#xE38;&#xE1B;.</subfield>
  </datafield>
  <datafield tag="650" ind1=" " ind2="4">
    <subfield code="a">&#xE01;&#xE0E;&#xE2B;&#xE21;&#xE32;&#xE22;&#xE41;&#xE1E;&#xE48;&#xE07;&#xE41;&#xE25;&#xE30;&#xE1E;&#xE32;&#xE13;&#xE34;&#xE0A;&#xE22;&#xE4C;</subfield>
    <subfield code="x">&#xE17;&#xE23;&#xE31;&#xE1E;&#xE22;&#xE4C;&#xE2A;&#xE34;&#xE19;</subfield>
    <subfield code="9">18265</subfield>
  </datafield>
  <datafield tag="653" ind1=" " ind2="4">
    <subfield code="a">&#xE17;&#xE23;&#xE31;&#xE1E;&#xE22;&#xE2A;&#xE34;&#xE17;&#xE18;&#xE34;</subfield>
  </datafield>
  <datafield tag="850" ind1=" " ind2=" ">
    <subfield code="a">NALT</subfield>
  </datafield>
  <datafield tag="942" ind1=" " ind2=" ">
    <subfield code="2">local</subfield>
    <subfield code="c">LB</subfield>
  </datafield>
  <datafield tag="999" ind1=" " ind2=" ">
    <subfield code="c">96844</subfield>
    <subfield code="d">96844</subfield>
  </datafield>
  <datafield tag="998" ind1=" " ind2=" ">
    <subfield code="j">111</subfield>
    <subfield code="k"> &#xE19;&#xE32;&#xE07;&#xE2A;&#xE32;&#xE27;&#xE1E;&#xE08;&#xE1E;&#xE34;&#xE13;  &#xE1E;&#xE23;&#xE21;&#xE40;&#xE2D;&#xE35;&#xE48;&#xE22;&#xE21;</subfield>
  </datafield>
  <datafield tag="952" ind1=" " ind2=" ">
    <subfield code="0">0</subfield>
    <subfield code="1">0</subfield>
    <subfield code="2">local</subfield>
    <subfield code="4">0</subfield>
    <subfield code="7">0</subfield>
    <subfield code="8">CLAW</subfield>
    <subfield code="a">NALT</subfield>
    <subfield code="b">NALT</subfield>
    <subfield code="c">LAW</subfield>
    <subfield code="d">2020-05-21</subfield>
    <subfield code="e">23</subfield>
    <subfield code="l">7</subfield>
    <subfield code="m">5</subfield>
    <subfield code="o">KS 53.1 &#xE2D;623&#xE01; 2562</subfield>
    <subfield code="p">3961210469</subfield>
    <subfield code="r">2026-02-18 00:00:00</subfield>
    <subfield code="s">2026-02-16</subfield>
    <subfield code="t">&#xE09;.2</subfield>
    <subfield code="w">2020-05-21</subfield>
    <subfield code="y">LB</subfield>
  </datafield>
  <datafield tag="952" ind1=" " ind2=" ">
    <subfield code="0">0</subfield>
    <subfield code="1">0</subfield>
    <subfield code="2">local</subfield>
    <subfield code="4">0</subfield>
    <subfield code="7">0</subfield>
    <subfield code="8">CLAW</subfield>
    <subfield code="a">NALT</subfield>
    <subfield code="b">NALT</subfield>
    <subfield code="c">LAW</subfield>
    <subfield code="d">2020-05-21</subfield>
    <subfield code="e">23</subfield>
    <subfield code="l">8</subfield>
    <subfield code="m">4</subfield>
    <subfield code="o">KS 53.1 &#xE2D;623&#xE01; 2562</subfield>
    <subfield code="p">3961210468</subfield>
    <subfield code="r">2025-08-28 00:00:00</subfield>
    <subfield code="s">2025-08-18</subfield>
    <subfield code="t">&#xE09;.1</subfield>
    <subfield code="w">2020-05-21</subfield>
    <subfield code="y">LB</subfield>
  </datafield>
</record>
